| 000 | 01286nam a2200325 c 4500 | ||
|---|---|---|---|
| 003 | BLK | ||
| 005 | 20180422101237.0 | ||
| 008 | 180408b bul|||||r ||||||| ||bul|| | ||
| 010 | _aKNG00050888000 | ||
| 020 |
_a3-425-05994-7 _bиздат.: Sauerlander - на том |
||
| 020 |
_a3-7941-3791-4 _bиздат.: Sauerlander - на том |
||
| 040 | _aBLK | ||
| 041 |
_aDEU _cDEU |
||
| 080 |
_aНемски език (високонемски, стандартен писмен) _b811.112.2 _x-5(075.4) _z811.112.2-5(075.4) |
||
| 700 | 1 |
_aWagner, Margot _eавт. на том _9368229 |
|
| 139 |
_aGrammatik a la carte! _bG 71 |
||
| 245 | 1 | 0 |
_aGrammatik a la carte! _bDas Ubungsbuch zur Grundgrammatik Deutsch : Bd. 1-2 _cавт. на том Margot Wagner. _nBd. 2 _pMittelstufe : Losungsheft |
| 257 | _aDEU | ||
| 260 |
_аFrankfurt am Main et _bMoritz Diesterweg _c1993 |
||
| 380 | _a80 | ||
| 650 | 4 |
_aНемски език - граматика _9244518 |
|
| 653 | _aнемски език | ||
| 653 | _aграматика | ||
| 760 | 1 |
_3- на том _dSauerlander _h63 c, 23 см. _tBd. 2 Mittelstufe : Losungsheft |
|
| 852 | _aЦБ ІІ 8565 | ||
| 856 | 4 |
_qpdf _u |
|
| 856 | 4 |
_qpdf _u |
|
| 942 |
_cKNG _n0 |
||
| 944 |
_aCR _c01.01.1999 _kТеодора_Стоянова |
||
| 944 |
_aED _c24.01.2017 _kСечил_Томаш |
||
| 999 |
_c47079 _d47079 |
||